| 000 | 01094nam a2200301 a 4500 | ||
|---|---|---|---|
| 001 | vtls001169716 | ||
| 003 | NLI | ||
| 005 | 20210603155215.0 | ||
| 008 | 120327s1994 ii 000 1 hin | ||
| 020 |
_a8185476058 : _cRs.50.00 |
||
| 039 | 9 |
_y201203271827 _zVLOAD |
|
| 040 |
_aNLI _bhineng _cDatasoft_Hindi _eAACR2 |
||
| 041 | 0 | _ahin | |
| 044 | _a ii | ||
| 082 | 0 | 4 | _a 891.433 |
| 100 | 1 |
_6880-01 _aशर्मा, श्रीराम 'राम ' _9201658 |
|
| 245 | 1 | 0 |
_6880-02 _aदरिया का चढ़ाव : _bउपन्यास / _cश्रीराम शर्मा 'राम ' |
| 260 |
_aजयपुर : _bराष्ट्रीय सेल्स एजेन्सीज, _c1994 |
||
| 300 |
_a136 p. ; _c18 cm. |
||
| 650 | 0 |
_aHindi fiction _989772 |
|
| 880 | 1 | 0 |
_6245-02(B _aDariyā kā caḍāva : _bupanyās / _cŚrīrām Śarmā 'Rām' |
| 880 | 1 |
_6100-01(B _aŚarmā, Śrīrām 'Rām' |
|
| 887 | _a | ||
| 901 |
_a67373 _b01.05.96 |
||
| 902 | _aH 891.433 S 939 dc | ||
| 942 |
_2ddc _cBKS |
||
| 949 |
_AVIRTUAITEM _D10000 _X100 _6HIN000067373HIN |
||
| 999 |
_aVIRTUA40 _c482012 _d482012 |
||